Skibidi toilet all characters quiz - Statistics

General Stats
  • This quiz has been taken 50 times
    46 since last reset
  • The average score is 6 of 391
Answer Stats
Hint Characters: % Correct
Ep1 Cameraman
92%
Ep18 Titan cameraman
42%
Ep24 Speakerman
33%
Ep16 Camera toilet
25%
Ep1 Normal toilet
25%
Ep41 Titan TV man/titan cinemaman/Watchman of doom
25%
Ep34 TV man
25%
Ep40 Polycephaly/large TV man
17%
Ep26 Titan speakerman
17%
Ep76 Acid airplane toilet
8%
Ep65 Acid barrel toilet
8%
Ep26 Balaclava toilet
8%
Ep15 Brown toilet
8%
Ep1 Camera drone
8%
Ep27 Camera rover
8%
Ep13 Camera strider
8%
Ep52 Camera woman/plungerwoman/cathy
8%
Ep18 Camo toilet
8%
Ep16 Cat toilet
8%
Ep49 Chad cameraman/simp cameraman
8%
Ep16 Contriver toilet
8%
Ep24 Dark speakerman
8%
Ep74 Destructor astro toilet
8%
Ep60 Detainer astro toilet
8%
Ep66 Dual gun toilet
8%
Ep23 Engineer cameraman
8%
Ep16 Engineer toilet
8%
Ep3 Giant toilet
8%
Ep68 Jesse pinkman toilet
8%
Ep3 Large cameraman
8%
Ep24 Large speakerman
8%
Ep3 Large toilet
8%
Ep52 Medic cameraman
8%
Ep69 Mutant toilet
8%
Ep53 Overseer astro toilet/assailant astro toilet
8%
Ep44 Plungerman/dave
8%
Ep9 Police toilet
8%
Ep59 Ravager toilet
8%
Ep10 Saint toilet
8%
Ep23 Scientist cameraman
8%
Ep77 Scientist toilet
8%
Ep24 Speaker helicopter
8%
Ep25 Speaker strider
8%
Ep61 Speaker woman
8%
Ep16 Strider toilet
8%
Ep11 Triple toilet
8%
Ep76 Trooper astro toilet
8%
Ep49 TV woman
8%
Ep68 Walter White toilet
8%
Ep75 1k34 cameraman
0%
Ep70 Acidic artillerist toilet
0%
Ep70 Acidic bomber toilet
0%
Ep73 Acid strider toilet
0%
Ep79 Airplane bomber toilet
0%
Ep72 Airplane toilet
0%
Ep79 Annihilator astro toilet
0%
Ep77 Anthony fantano toilet
0%
Ep66 Armed camo toilet
0%
Ep74 Armed laser Guardian toilet
0%
Ep65 Armed strider toilet
0%
Ep63 Armored camera van
0%
Ep75 Armored laser toilet
0%
Ep76 Artillerist strider toilet
0%
Ep44 Artillerist toilet
0%
Ep76 Astro Blaster large cameraman
0%
Ep75 Balaclava detonator toilet
0%
Ep70 Balaclava grenadier toilet
0%
Ep76 Balaclava laser toilet
0%
Ep70 Balaclava rocketeer toilet
0%
Ep14 Beige suit black cameraman
0%
Ep8 Beige suit cameraman
0%
Ep62 Berserker mutant toilet
0%
Ep72 Bill tank toilet
0%
Ep8 Black cameraman
0%
Ep8 Black shirt black cameraman
0%
Ep37 Black shirt cameraman
0%
Ep76 Black shirt guard cameraman
0%
Ep11 Black shirt large cameraman
0%
Ep71 Black shirt speakerman
0%
Ep75 Black slacks scientist cameraman
0%
Ep24 Black speakerman
0%
Ep24 Black tie large speakerman
0%
Ep22 Black toilet
0%
Ep78 Blade runner speakerman
0%
Ep47 Bladewielder strider toilet
0%
Ep78 Blaster Specialist astro toilet
0%
Ep74 Blue coat cameraman
0%
Ep74 Blue coat speakerman
0%
Ep76 Blue shirt guard cameraman
0%
Ep67 Blue shirt large cameraman
0%
Ep24 Blue suit speakerman
0%
Ep75 Blue tie Blue shirt cameraman
0%
Ep73 Blue tie cameraman
0%
Ep62 Bomber plane toilet
0%
Ep64 Bomb overload toilet
0%
Ep52 Bonesaw toilet
0%
Ep62 Brave large speakerman
0%
Ep74 Brown coat speakerman
0%
Ep76 Brown speakerman
0%
Ep8 Brown suit black cameraman
0%
Ep1 Brown suit cameraman
0%
Ep34 Brown suit large cameraman
0%
Ep32 Brown suit speakerman
0%
Ep75 Brown tie dark Gray suit speakerman
0%
Ep73 Burgundy tie cameraman
0%
Ep70 Burgundy tie speakerman
0%
Ep69 Burning toilet
0%
Ep62 Buzzsaw mutant toilet/Hugo boss
0%
Ep75 Buzzsaw soldier toilet
0%
Ep72 Buzzsaw SWAT mutant toilet
0%
Ep61 Buzzsaw Wheeler toilet
0%
Ep66 Camera Attack helicopter
0%
Ep74 Camera Battle drone
0%
Ep11 Camera dropship
0%
Ep66 Cameraman 1056
0%
Ep55 Cameraman 1247
0%
Ep69 Cameraman 2.0
0%
Ep77 Cameraman 3.0
0%
Ep56 Camera mech
0%
Ep72 Camera strider 2.0
0%
Ep52 Camera transport helicopter
0%
Ep3 Camera van
0%
Ep74 Carrier astro toilet
0%
Ep76 Cat maid cameraman
0%
Ep74 Ceiling TV
0%
Ep76 Chef cameraman
0%
Ep16 Chief scientist toilet
0%
Ep60 Chief scientist toilet mech
0%
Ep68 Claw contriver toilet
0%
Ep42 Claw Wheeler toilet
0%
Ep76 Coatless cameraman
0%
Ep79 Computer man
0%
Ep74 Crimson speakerman
0%
Ep8 Cyan shirt cameraman
0%
Ep8 Dark Blue suit black cameraman
0%
Ep9 Dark Blue suit cameraman
0%
Ep32 Dark Blue suit large cameraman
0%
Ep24 Dark Blue suit speakerman
0%
Ep66 Dark Blue tie cameraman
0%
Ep36 Dark Gray suit cameraman
0%
Ep24 Dark Gray suit speakerman
0%
Ep69 Deafblind toilet
0%
Ep60 Decoy g-toilet
0%
Ep70 Detective cameraman
0%
Ep73 Diplomat mutant toilet
0%
Ep6 Dj toilet
0%
Ep69 Double Transporter toilet
0%
Ep58 Dual-airstrike toilet
0%
Ep69 Dual Bat speakerman
0%
Ep69 Dual buzzsaw toilet
0%
Ep63 Dual claw toilet
0%
Ep50 Dual laser strider toilet
0%
Ep76 Dual-launcher toilet
0%
Ep76 Duchess astro toilet
0%
Ep77 Duplex-laser helicopter toilet
0%
Ep76 Eli vance toilet
0%
Ep76 EMP Blaster cameraman
0%
Ep73 Energized TV man/dark TV man
0%
Ep78 Executor semi titan speakerman
0%
Ep65 Explosive barrel toilet
0%
Ep70 Explosive decoy cameraman
0%
Ep14 Fast armored toilet
0%
Ep73 Female human officer
0%
Ep78 Female scientist toilet
0%
Ep4 Female toilet
0%
Ep69 Feral mutant toilet
0%
Ep50 Flamethrower toilet
0%
Ep70 Flashlight laser Guardian toilet
0%
Ep77 Flat cap large cameraman
0%
Ep21 Flaxen shirt black cameraman
0%
Ep54 Flaxen shirt cameraman
0%
Ep73 Floral tie medic cameraman
0%
Ep24 Floral tie speakerman
0%
Ep48 Flying buzzsaw toilet
0%
Ep59 Flying octo-launcher toilet
0%
Ep5 Flying spawner toilet
0%
Ep4 Flying toilet
0%
Ep68 Forklift toilet
0%
Ep31 Fred
0%
Ep75 Garry Newman toilet
0%
Ep61 Geeky Jesus toilet
0%
Ep77 Ghost rider toilet
0%
Ep50 Giant bonesaw toilet
0%
Ep32 Giant Camo toilet
0%
Ep5 Giant Flying toilet
0%
Ep51 Giant Gray toilet
0%
Ep28 Glitch toilet
0%
Ep70 Golden suit cameraman
0%
Ep4 Grandpa toilet
0%
Ep74 Gray coat speakerman
0%
Ep24 Gray speakerman
0%
Ep14 Gray suit black cameraman
0%
Ep8 Gray suit cameraman
0%
Ep31 Gray suit large cameraman
0%
Ep49 Gray suit scientist cameraman
0%
Ep24 Gray suit speakerman
0%
Ep27 Gray tie dark Blue suit cameraman
0%
Ep59 Gray tie dark Blue suit speakerman
0%
Ep53 Gray tie scientist cameraman
0%
Ep35 Gray tie speakerman
0%
Ep43 Gray toilet
0%
Ep74 Green coat speakerman
0%
Ep2 Green hair urinal
0%
Ep76 Green shirt guard cameraman
0%
Ep8 Green suit cameraman
0%
Ep49 Green suit large cameraman
0%
Ep24 Green suit speakerman
0%
Ep31 Green tie Brown suit large cameraman
0%
Ep7 G-toilet
0%
Ep76 Guard cameraman
0%
Ep49 Gun TV man
0%
Ep25 Hanging water tank toilet
0%
Ep15 Hat toilet
0%
Ep69 Heavy large cameraman
0%
Ep70 Heavy toilet
0%
Ep48 Helicopter Blaster toilet
0%
Ep52 Helicopter claw toilet
0%
Ep43 Helicopter Gray toilet
0%
Ep57 Helicopter hexa-claw parasite toilet
0%
Ep51 Helicopter Launcher toilet
0%
Ep47 Helicopter parasite toilet
0%
Ep17 Helicopter toilet
0%
Ep67 Hendeca-laser g-clone
0%
Ep75 Heroine mutant toilet/female mutant toilet
0%
Ep76 Hexa-claw Gray toilet
0%
Ep69 Hexa-claw parasite toilet
0%
Ep69 Hexa-claw toilet
0%
Ep44 Hexa-tendrill toilet
0%
Ep3 Human civilians
0%
Ep78 Hunter astro mutant toilet
0%
Ep22 Hydra strider toilet
0%
Ep76 Impactor astro toilet
0%
Ep64 Incinerator urinal
0%
Ep74 Infected humans
0%
Ep74 Interceptor astro toilet
0%
Ep68 Isaac kleiner scientist toilet
0%
Ep78 Jeffrey
0%
Ep70 Jetpack acid toilet
0%
Ep47 Jetpack dual buzzsaw toilet
0%
Ep63 Jetpack hexa-claw toilet
0%
Ep65 Jetpack hexa-launcher toilet
0%
Ep58 Jetpack impaler toilet
0%
Ep75 Jetpack quad-claw toilet
0%
Ep70 Jetpack quad-laser toilet
0%
Ep73 Jetpack quad-launcher toilet
0%
Ep54 Jetpack rocketeer bathtub
0%
Ep39 Jetpack toilet
0%
Ep77 Jonkler toilet
0%
Ep72 Juggernaut astro toilet
0%
Ep50 Kamikaze cameraman
0%
Ep36 Large Brown toilet
0%
Ep66 Large cameraman 2.0
0%
Ep77 Large cameraman 3.0
0%
Ep14 Large grandpa toilet
0%
Ep43 Large Gray toilet
0%
Ep33 Large mutant toilet
0%
Ep9 Large Police toilet
0%
Ep78 Large speakerman 2.0
0%
Ep40 Larry
0%
Ep76 Laser drifter toilet
0%
Ep67 Laser Guardian toilet
0%
Ep58 Laser large toilet
0%
Ep76 Laser medium toilet
0%
Ep77 Laser quad-launcher toilet
0%
Ep8 Light Gray suit black cameraman
0%
Ep8 Light Gray suit cameraman
0%
Ep36 Light Gray suit cameraman
0%
Ep31 Light Gray suit large cameraman
0%
Ep49 Light Gray suit scientist cameraman
0%
Ep36 Light green tie large cameraman
0%
Ep27 Light Yellow tie speakerman
0%
Ep3 Lucky cameraman
0%
Ep28 Mafia toilet
0%
Ep5 Marine soldiers
0%
Ep49 Mechanized strider toilet
0%
Ep66 Medium dual gun toilet
0%
Ep53 Medium Gray toilet
0%
Ep41 Medium Police toilet
0%
Ep4 Medium toilet
0%
Ep69 Michael Jackson toilet
0%
Ep4 Micro toilet
0%
Ep6 Mini toilet
0%
Ep65 Missile toilet
0%
Ep74 Mothership astro toilet
0%
Ep78 Mulleted scientist toilet
0%
Ep76 Multi rocketeer toilet
0%
Ep69 Navy blue tie cameraman
0%
Ep41 Normal bathtub
0%
Ep29 Normal camerawoman
0%
Ep2 Normal urinal
0%
Ep74 Obliterator astro toilet
0%
Ep71 Octo-launcher toilet
0%
Ep73 Olive tie cameraman
0%
Ep76 Orange shirt cameraman
0%
Ep17 Orbital camera
0%
Ep77 Orbital camera 2.0
0%
Ep78 Pablo
0%
Ep53 Paralyzer laser tank
0%
Ep37 Parasite disabler laser tank
0%
Ep53 Parasite disabler laser tank 2.0
0%
Ep30 Parasite toilet
0%
Ep76 Penta-laser strider toilet
0%
Ep70 Physician cameraman
0%
Ep74 Pink tie cameraman
0%
Ep59 Pink tie speakerman
0%
Ep77 Plasma camera car
0%
Ep78 Purple tie dark Blue shirt cameraman
0%
Ep70 Quad-airstrike toilet
0%
Ep67 Quad buzzsaw g-clone
0%
Ep73 Quad-buzzsaw strider toilet
0%
Ep65 Quad-buzzsaw toilet
0%
Ep78 Quad-claw camera toilet
0%
Ep72 Quad-gun toilet
0%
Ep70 Quad-laser chief scientist toilet mech
0%
Ep75 Quad-launcher strider toilet
0%
Ep44 Quad-launcher toilet
0%
Ep70 Quad-launcher Wheeler toilet
0%
Ep67 Quad rocketeer g-clone
0%
Ep68 Quad-spike shotgun cameraman
0%
Ep27 Red tie Brown suit cameraman
0%
Ep30 Red tie cameraman
0%
Ep25 Red tie speakerman
0%
Ep78 Regenerative speaker ship
0%
Ep72 Reinforced rocketeer toilet
0%
Ep68 Repairer toilet
0%
Ep31 Robert
0%
Ep51 Rocketeer astro toilet
0%
Ep76 Rocketeer mutant toilet
0%
Ep79 Royal obliterator astro toilet
0%
Ep77 Russian cameraman
0%
Ep77 Samurai cameraman
0%
Ep77 Samurai speakerman
0%
Ep77 Samurai toilet
0%
Ep78 Scarf TV man
0%
Ep23 Scientist cameraman 1337
0%
Ep36 Scientist large cameraman
0%
Ep74 Scientist laser toilet
0%
Ep24 Scientist speakerman
0%
Ep66 Scientist TV man
0%
Ep75 Scout astro toilet
0%
Ep73 Seargent cameraman
0%
Ep45 Secret agent
0%
Ep43 Semi-giant Gray toilet
0%
Ep41 Semi-giant toilet
0%
Ep14 Semi-large female toilet
0%
Ep32 Semi-large parasite toilet
0%
Ep28 Semi-large toilet
0%
Ep48 Semi-medium Gray toilet
0%
Ep18 Semi-medium toilet
0%
Ep74 Seniour scientist cameraman
0%
Ep75 Shapeshifter agent
0%
Ep51 Shield laser toilet
0%
Ep54 Skull acidic toilet
0%
Ep69 Skull toilet
0%
Ep78 Sledgehammer speakerman
0%
Ep69 Sleepwalk toilets
0%
Ep77 Sniper cameraman
0%
Ep69 Speakerman 2.0
0%
Ep24 Speaker plane
0%
Ep78 Speaker plane 2.0
0%
Ep78 Speaker strider 2.0
0%
Ep24 Speaker van
0%
Ep65 Speargun Police toilet
0%
Ep77 Specialist astro toilet
0%
Ep76 Strider astro toilet
0%
Ep35 Stripe tie large cameraman
0%
Ep34 Stripe tie scientist cameraman
0%
Ep76 Superman toilet
0%
Ep72 SWAT mutant toilet
0%
Ep2 Terracotta shirt black cameraman
0%
Ep75 Tieless coatless cameraman
0%
Ep49 Tri-artillerist toilet
0%
Ep78 Tri-blaster strider astro toilet
0%
Ep78 Tri-blaster trooper toilet
0%
Ep72 Trooper SWAT mutant toilet
0%
Ep76 Ultra Launcher toilet
0%
Ep77 Ushanka toilet
0%
Ep46 Vacuum urinal
0%
Ep59 Weaponized helicopter toilet
0%
Ep77 Weaponized strider toilet
0%
Ep78 Welder claw toilet
0%
Ep69 Welder speaker helicopter
0%
Ep68 Welder toilet
0%
Ep76 Wheelchair cameraman
0%
Ep11 White suit cameraman
0%
Ep36 White suit large cameraman
0%
Ep77 Yakuza speakerman
0%
Ep77 Yellow shirt large cameraman
0%
Ep67 Yellow tie Brown suit speakerman
0%
Ep59 Yellow tie dark Gray suit speakerman
0%
Ep31 Yellow tie White suit large cameraman
0%
No matching quizzes found
Score Distribution
Percent of People with Each Score
Percentile by Number Answered
Your Score History
You have not taken this quiz since the last reset